00626nam a2200193Ia 450000500170000000800410001704100080005808200170006610000140008324500130009726000550011030000090016550000150017465000230018970000370021294200070024999900170025695201590027320230327161847.0230125s9999 xx 000 0 und d aeng a336.294bINA aInamdar S aTaxation c2010bSymbiosis centre for distance learningaPune a402p aDirect tax aDirect tax9180874 aInamdar S & Nandini Madan, Donor cDB c93608d93608 02104070aHIMRbHIMRd2015-06-16eDonated Book- Outside Donarg1.00o336.294 INA DB1969pHIMR-DB-1969r2023-01-25 00:00:00v1.00w2023-01-25yDBzDB1969